000 03225nam a2200457 i 4500
001 194898
003 ES-GrU
005 20250528063017.0
007 ta
008 240321s2022 sp d rb 001 0 spa d
017 _aBI 01443-2022
_bOficina Depósito Legal Bilbao
020 _a9788492937929
035 _a(OCoLC)1430649665
040 _aBUS
_dUGR
_erda
_bspa
_cES-MaACL
080 _a64(460)
080 _a330.567.2(460)"20"
080 _a64.03/.06(460)"20"
100 _aBenages Candau, Eva
_9145894
_eaut
245 1 3 _aEl equipamiento de los hogares y las dotaciones de capital de las familias en el siglo XXI /
_cEva Benages Candau, Laura Hernández Lahiguera, Juan Carlos Robledo Domínguez ; dirigido por Francisco Pérez García, Ezequiel Uriel Jiménez
250 _aPrimera edición, octubre 2022
264 1 _aMadrid :
_bFundación BBVA,
_c2022
264 4 _c ©2022
300 _a290 páginas :
_bgráficos (blanco y negro) ;
_c24 cm
336 _atexto
_btxt
_2rdacontent
337 _asin mediación
_bn
_2rdamedia
338 _avolumen
_bnc
_2rdacarrier
504 _ap. 269-274
520 _aEl crecimiento económico de las últimas décadas ha permitido aumentar la renta de los hogares españoles y mejorar su bienestar. Un reflejo de esas mejoras ha sido el aumento del consumo privado en bienes duraderos. Esta monografía aborda el análisis de los flujos de gasto en equipamiento de los hogares desde una perspectiva distinta a la habitual, pues los considera bienes de inversión. Este enfoque permite cuantificar los correspondientes stocks de capital en equipamiento acumulados por los hogares, así como los cambios en su composición a lo largo del tiempo.La obra analiza la evolución a largo plazo de las dotaciones de bienes duraderos de los hogares españoles, tanto en términos físicos como monetarios. A partir de los flujos de gasto de los hogares proporcionados por la Contabilidad Nacional y la Encuesta de Presupuestos Familiares (INE), se cuantifica el capital doméstico, que valora el equipamiento acumulado a lo largo del tiempo por los hogares. Asimismo, se presta atención a los cambios en la composición de ese equipamiento doméstico a lo largo del tiempo, diferenciando entre distintos tipos de activos: muebles y enseres, electrodomésticos, vehículos y equipamiento digital. Se estudia la evolución de la edad media de los activos y su distribución regional.
650 0 _aEconomía doméstica-
_zEspaña
_2EMBUS
_9236519
650 0 _aEconomía doméstica-
_xContabilidad
_2EMBUS
_9236520
700 _aHernández Lahiguera, Laura
_9159584
_eaut
700 1 _aRobledo Domínguez, Juan Carlos
_9152138
_eaut
700 1 _aPérez, Francisco,
_d1950-
_9234242
_eaut
852 _aES-MaACL
_cDEPOJ
_jN-9915
_xEncuadernación rústica con solapas
_hDonación: Editorial
_9205835
856 4 2 _uhttps://www.fbbva.es/bd/inversion-y-dotaciones-de-capital-en-bienes-duraderos-de-los-hogares/
_yVersión digital
942 _cMONOGRAFIA
_n0
999 _c194898
_d194898